| 000 | 02557cam a2200457 i 4500 | ||
|---|---|---|---|
| 003 | PE-LiUPU | ||
| 005 | 20251226084417.0 | ||
| 008 | 1808 s2018 pe a rb 000 0 spa d | ||
| 020 | _a9786123250478 | ||
| 035 | _aPE-LiUPU00049 | ||
| 040 |
_aPE-LiUPU _bspa _cPE-LiUPU _erda |
||
| 082 | 0 | 4 |
_a343.6 _bC749e _223 |
| 090 |
_a343.6 _bC74 |
||
| 110 | 2 |
_aCongreso de Derecho Administrativo _n(8o. : _d2018 : _cPerú), _eautor. |
|
| 245 | 1 | 0 |
_aEl derecho administrativo como instrumento al servicio del ciudadano : _bmemorias del VIII Congreso de Derecho Administrativo / _cJorge Pando Vilchez, Erick Vargas, Giancarlo Vignolo Cueva [et al.]. |
| 250 | _aPrimera edición. | ||
| 264 | 1 |
_aLima : _bPalestra Editores ; _bUniversidad de Piura, _c2018. |
|
| 264 | 3 | _aImpreso en el Perú. | |
| 300 |
_a666 páginas : _bilustraciones ; _c24 cm |
||
| 336 |
_atext _2rdacontent |
||
| 337 |
_aunmediated _2rdamedia |
||
| 338 |
_avolume _2rdacarrier |
||
| 500 | _aMemorias académicas del VIII Congreso Nacional de Derecho Administrativo. | ||
| 500 | _aIncluye trabajos de múltiples autores. | ||
| 504 | _aIncluye referencias bibliográficas. | ||
| 505 | 0 | _aPresentación -- Procedimiento y simplificación administrativa -- Contratación pública -- Sectores regulados, ordenación territorial y recursos naturales -- Funcionarios públicos -- Fiscalización y sanción -- Tutela del administrado. | |
| 520 | _aObra colectiva que reúne ponencias académicas y profesionales presentadas en el VIII Congreso Nacional de Derecho Administrativo, centradas en el estudio del Derecho administrativo como instrumento al servicio del ciudadano, abordando temas de procedimiento administrativo, contratación pública, sectores regulados, función pública, fiscalización, sanción y tutela del administrado. | ||
| 650 | 1 | 8 |
_aDerecho administrativo _92646 _vCongresos |
| 650 | 2 | 8 |
_aAdministración pública _92990 _vCongresos |
| 650 | 2 | 8 |
_aInterpretación y aplicación del derecho administrativo. _97769 |
| 650 | 4 | _aCongresos. | |
| 700 |
_aPando Vilchez, Jorge, _eeditor. _97767 |
||
| 700 |
_aVargas, Erick, _eeditor. _97768 |
||
| 700 |
_aVignolo Cueva, Giancarlo, _eeditor. _97771 |
||
| 710 |
_aUniversidad de Piura, _eeditor. _97773 |
||
| 710 |
_aAsociación Peruana de Derecho Administrativo, _eeditor. _97774 |
||
| 856 | 4 | 0 |
_uhttps://www.palestraeditores.com _zSitio web de la editorial. |
| 942 |
_2ddc _cBK |
||
| 980 |
_618228 _aRebeca Esther Huerta Leyton _818226 _gJaime Vilcazán Jefe de Análisis Documental |
||
| 999 |
_c63194 _d63193 |
||